| 000 | 00803nam a22001937a 4500 | ||
|---|---|---|---|
| 005 | 20180219153940.0 | ||
| 010 | _aB-689582 | ||
| 020 | _c210.00 | ||
| 035 | _aB-689582 | ||
| 037 |
_adpl _bKKP |
||
| 082 | _a344.5950533 | ||
| 245 |
_aThe arms act, 1959 : _b(54 of 1959) with the arms rules, 2016 as amended by (Amendment Rules, 2017 / |
||
| 260 |
_aDelhi _bUniversal Law Publishing _c2018 |
||
| 270 |
_aLexisNexis, 14th Floor, Building No.10, DLF Cyber City, Phase-II _bGurgaon _e122002 |
||
| 300 |
_aix,190p. _c23cm(pbk) |
||
| 505 | _a(Rashtrapati Bhawan) | ||
| 942 |
_2ddc _cEN _mARM _h344.5950533 |
||
| 999 |
_c150010 _d150010 |
||